| 000 | 00707nam a2200193 a 4500 | ||
|---|---|---|---|
| 001 | 000028402 | ||
| 005 | 20200930054926.0 | ||
| 008 | 110408s1971 dr a 000 0 spa d | ||
| 040 |
_aDO-SdBNP _bspa _cBNPHU |
||
| 082 |
_axxx _bW784p |
||
| 100 | 1 |
_aWinter, Lloyd C. Bud _d1909-1985 _955356 |
|
| 245 | 1 | 0 |
_aEl pase Jet en relevos de velocidad / _cLloyd C. Bud Witer ; introducción John Simmons. |
| 260 |
_aSanto Domingo : _bSecretaría de Estado de Educación, Bellas Artes y Culto, _bDirección General de Educación Física Escolar, _c1971. |
||
| 300 |
_a39 p. ; _c19 cm. |
||
| 490 | 1 |
_aTexaco _v7 |
|
| 590 | _aInventariado, 2018/VM | ||
| 700 | 1 |
_aSimmons, John _eintrod. _955357 |
|
| 830 | 0 |
_aTexaco _v7 _955358 |
|
| 999 |
_c27894 _d27894 |
||